| 000 | 00644cam a22002053a 4500 | ||
|---|---|---|---|
| 001 | 45923 | ||
| 003 | PGUSA | ||
| 005 | 20140828084054.0 | ||
| 008 | 140610s2014||||xxu|||||s|||||000 | eng d | ||
| 040 |
_aPGUSA _beng |
||
| 042 | _adc | ||
| 100 | 1 | _aCobbold, T. Spencer | |
| 245 | 1 | 0 |
_aParasites : _bA Treatise on the Entozoa of Man and Animals, Including Some Account of the Ectozoa _h[electronic resource] / _cT. Spencer Cobbold |
| 260 |
_bProject Gutenberg, _c2014 |
||
| 506 | _aPublic domain in the USA. | ||
| 516 | _aElectronic text | ||
| 830 | 0 |
_aProject Gutenberg _v45923 |
|
| 856 | 4 | 0 | _uhttp://www.gutenberg.org/ebooks/45923 |
| 942 | _cEB | ||
| 999 |
_c275173 _d275173 |
||